Internetové nakupovanie na Slovensku a v zahraničí bakalárska práca

Na minha lista:
Detalhes bibliográficos
Autor principal: Sameková, Lenka
Autor Corporativo: Obchodná fakulta EU. Katedra informatiky obchodných firiem
Outros Autores: Potisková, Ingrid
Formato: Livro
Idioma:eslovaco
Publicado em: Bratislava 2012
Tags: Adicionar Tag
Sem tags, seja o primeiro a adicionar uma tag!

MARC

LEADER 00000nbm a2200000 4500
001 0154298
005 20161109111834.0
041 0 |a slo 
044 |a SK 
245 1 0 |a Internetové nakupovanie na Slovensku a v zahraničí  |b bakalárska práca  |c Lenka Sameková ; školiteľ: Ingrid Potisková 
264 1 |a Bratislava  |c 2012 
300 |a 51 s. 
100 1 |a Sameková, Lenka 
700 1 |a Potisková, Ingrid 
710 2 |a Obchodná fakulta EU. Katedra informatiky obchodných firiem